[Event "HUN-chT Youth-Children 2018"]
[Site "Zalakaros"]
[Date "2018.07.29"]
[Round "7"]
[White "Borhy, Marcell"]
[Black "Bohus, Adam"]
[Result "0-1"]
[WhiteElo "2234"]
[BlackElo "2231"]
[Annotator "NA"]
[PlyCount "68"]
[EventDate "2018.07.26"]
[EventType "team-tourn"]
[EventCountry "HUN"]
[SourceTitle "playchess.com"]
[Source "ChessBase"]
[SourceQuality "1"]
[TimeControl "5400+30"]

1. d4 {[%emt 0:00:00]} Nf6 {[%emt 0:00:11]} 2. c4 {[%emt 0:00:00]} g6 {[%emt 0:00:19]} 3. Nf3 {[%emt 0:00:06]} Bg7 {[%emt 0:00:09]} 4. g3 {[%emt 0:00:17]} O-O {[%emt 0:00:18]} 5. Bg2 {[%emt 0:00:18]} d6 {[%emt 0:00:21]} 6. O-O {[%emt 0:00:18]} Nc6 {[%emt 0:00:19]} 7. Nc3 {[%emt 0:01:00]} Bg4 {[%emt 0:00:21]} 8. h3 {[%emt 0:03:59]} Bxf3 {[%emt 0:00:13]} 9. Bxf3 {[%emt 0:00:02]} Nd7 {[%emt 0:00:20]} 10. Bxc6 {[%emt 0:05:50]} bxc6 {[%emt 0:00:19]} 11. Be3 {[%emt 0:03:49]} e5 {[%emt 0:04:42]} 12. Qd2 {[%emt 0:00:53]} Re8 {[%emt 0:18:52]} 13. Rad1 $11 {[%emt 0:05:10]} h5 {[%emt 0:22:20]} 14. dxe5 {[%emt 0:18:39]} Nxe5 {[%emt 0:01:01]} 15. b3 {[%emt 0:00:30]} h4 {[%emt 0:06:47]} 16. g4 {[%emt 0:01:42]} Qd7 {[%emt 0:04:13]} 17. Bd4 {[%emt 0:02:32]} Qe6 {[%emt 0:16:27]} 18. Qg5 {[%emt 0:09:48]} Bf6 {[%emt 0:01:35]} 19. Qf4 {[%emt 0:02:37]} Bg7 {[%emt 0:10:07]} 20. Qg5 {[%emt 0:03:54]} Bf6 {[%emt 0:03:58]} 21. Qe3 {[%emt 0:06:40]} Bg7 {[%emt 0:01:28]} 22. f4 {[%emt 0:04:33]} Nd7 {[%emt 0:00:41]} 23. Qxe6 {[%emt 0:06:39]} Rxe6 {[%emt 0:00:01]} 24. Bxg7 {[%emt 0:00:16]} Kxg7 {[%emt 0:00:02]} 25. Rf3 {[%emt 0:01:08]} Rae8 {[%emt 0:01:10]} 26. Kf2 {[%emt 0:00:08]} Nc5 {[%emt 0:00:36]} 27. Rd4 {[%emt 0:01:35]} f5 {[%emt 0:02:12]} 28. g5 {[%emt 0:02:44]} a5 {[%emt 0:02:26]} 29. Rd1 {[%emt 0:04:05]} Kf7 {[%emt 0:00:45]} 30. Rc1 {[%emt 0:03:04]} R8e7 {[%emt 0:00:58]} 31. Rc2 {[%emt 0:00:58]} Ke8 {[%emt 0:00:18]} 32. Rb2 {[%emt 0:01:15]} Kd7 {[%emt 0:01:24]} 33. Ke1 {[%emt 0:01:02]} Re3 {[%emt 0:00:51]} 34. Kf2 {[%emt 0:00:10]} Rxc3 {[%emt 0:00:10]} 0-1

[Event "HUN-chT Youth-Children 2018"]
[Site "Zalakaros"]
[Date "2018.07.29"]
[Round "7"]
[White "Geher, Koppany"]
[Black "Forgacs, Attila Jr"]
[Result "1-0"]
[WhiteElo "2207"]
[BlackElo "1911"]
[Annotator "NA"]
[PlyCount "113"]
[EventDate "2018.07.26"]
[EventType "team-tourn"]
[EventCountry "HUN"]
[SourceTitle "playchess.com"]
[Source "ChessBase"]
[SourceQuality "1"]
[TimeControl "5400+30"]

1. e4 {[%emt 0:00:00]} e5 {[%emt 0:00:06]} 2. Nf3 {[%emt 0:00:00]} Nc6 {[%emt 0:00:06]} 3. Bb5 {[%emt 0:00:00]} a6 {[%emt 0:00:06]} 4. Ba4 {[%emt 0:00:00]} Nf6 {[%emt 0:00:14]} 5. O-O {[%emt 0:00:00]} Be7 {[%emt 0:00:05]} 6. Re1 {[%emt 0:00:21]} b5 {[%emt 0:00:09]} 7. Bb3 {[%emt 0:00:06]} O-O {[%emt 0:00:16]} 8. a4 {[%emt 0:00:05]} b4 {[%emt 0:00:07]} 9. d4 {[%emt 0:00:10]} d6 {[%emt 0:05:07]} 10. dxe5 {[%emt 0:01:05]} Nxe5 {[%emt 0:01:51]} 11. Nxe5 {[%emt 0:01:11]} dxe5 {[%emt 0:00:08]} 12. Qe2 {[%emt 0:00:32]} Bb7 {[%emt 0:06:41]} 13. f3 {[%emt 0:07:11]} Bc5+ {[%emt 0:05:06]} 14. Be3 {[%emt 0:00:08]} Qe7 {[%emt 0:02:49]} 15. Nd2 {[%emt 0:03:09]} Rad8 {[%emt 0:04:50]} 16. Nc4 $16 {[%emt 0:02:03]} Nd7 {[%emt 0:11:29]} 17. Na5 {[%emt 0:22:32]} Bxe3+ {[%emt 0:04:14]} 18. Qxe3 {[%emt 0:00:02]} Ba8 {[%emt 0:01:06]} 19. Bc4 {[%emt 0:02:22]} Qc5 {[%emt 0:02:51]} 20. Qxc5 {[%emt 0:00:25]} Nxc5 {[%emt 0:00:06]} 21. Kf2 {[%emt 0:07:25]} Rd2+ {[%emt 0:03:02]} 22. Re2 {[%emt 0:00:04]} Rfd8 {[%emt 0:01:17]} 23. Ke3 {[%emt 0:06:36]} Rd1 {[%emt 0:05:52]} 24. Rxd1 {[%emt 0:00:12]} Rxd1 {[%emt 0:00:08]} 25. b3 {[%emt 0:03:26]} Kf8 {[%emt 0:01:41]} 26. Rd2 {[%emt 0:00:27]} Rxd2 27. Kxd2 {[%emt 0:00:01]} Ke7 {[%emt 0:01:03]} 28. c3 {[%emt 0:00:17]} bxc3+ {[%emt 0:01:49]} 29. Kxc3 {[%emt 0:00:07]} f6 {[%emt 0:01:30]} 30. Kb4 {[%emt 0:00:09]} Kd6 {[%emt 0:04:21]} 31. Bg8 {[%emt 0:01:15]} Ne6 {[%emt 0:15:00]} 32. Nc4+ {[%emt 0:05:02]} Kd7 {[%emt 0:01:43]} 33. Bxe6+ {[%emt 0:03:05]} Kxe6 {[%emt 0:00:13]} 34. Nb2 {[%emt 0:00:53]} Kd6 {[%emt 0:03:12]} 35. Nd3 {[%emt 0:00:31]} Bb7 {[%emt 0:01:26]} 36. Ka5 {[%emt 0:00:28]} g6 {[%emt 0:02:57]} 37. b4 {[%emt 0:01:45]} f5 {[%emt 0:04:39]} 38. Nc5 {[%emt 0:00:13]} Bc8 {[%emt 0:00:38]} 39. Nxa6 {[%emt 0:00:48]} fxe4 {[%emt 0:02:27]} 40. fxe4 {[%emt 0:00:09]} Bg4 {[%emt 0:03:43]} 41. Nc5 {[%emt 0:04:21]} Be2 {[%emt 0:01:25]} 42. Nb7+ {[%emt 0:01:09]} Kc6 {[%emt 0:01:40]} 43. Nd8+ {[%emt 0:00:46]} Kd7 {[%emt 0:00:21]} 44. Nf7 {[%emt 0:00:14]} Ke6 {[%emt 0:00:35]} 45. Ng5+ {[%emt 0:00:08]} Kd6 {[%emt 0:00:36]} 46. Nxh7 {[%emt 0:03:02]} c5 {[%emt 0:00:57]} 47. bxc5+ {[%emt 0:04:56]} Kxc5 {[%emt 0:00:13]} 48. Nf6 {[%emt 0:02:33]} Bd3 {[%emt 0:00:48]} 49. h4 {[%emt 0:00:23]} Kd4 {[%emt 0:02:11]} 50. g4 {[%emt 0:00:10]} Bxe4 {[%emt 0:01:14]} 51. Nxe4 {[%emt 0:00:06]} Kxe4 {[%emt 0:00:05]} 52. h5 {[%emt 0:00:03]} gxh5 {[%emt 0:00:08]} 53. gxh5 {[%emt 0:00:01]} Kf5 {[%emt 0:00:18]} 54. h6 {[%emt 0:00:23]} Kg6 {[%emt 0:00:16]} 55. Kb4 {[%emt 0:00:26]} Kxh6 {[%emt 0:00:22]} 56. a5 {[%emt 0:00:19]} e4 {[%emt 0:00:14]} 57. Kc3 {[%emt 0:00:29]} 1-0

[Event "HUN-chT Youth-Children 2018"]
[Site "Zalakaros"]
[Date "2018.07.29"]
[Round "7"]
[White "Kovacs, Judit"]
[Black "Virag, Balint"]
[Result "0-1"]
[WhiteElo "2143"]
[BlackElo "2051"]
[Annotator "NA"]
[PlyCount "198"]
[EventDate "2018.07.26"]
[EventType "team-tourn"]
[EventCountry "HUN"]
[SourceTitle "playchess.com"]
[Source "ChessBase"]
[SourceQuality "1"]
[TimeControl "5400+30"]

1. c4 {[%emt 0:00:00]} Nf6 {[%emt 0:00:11]} 2. Nf3 {[%emt 0:00:00]} g6 {[%emt 0:00:14]} 3. Nc3 {[%emt 0:00:00]} Bg7 4. e4 {[%emt 0:00:09]} d6 {[%emt 0:01:54]} 5. d4 {[%emt 0:00:10]} O-O {[%emt 0:00:46]} 6. h3 {[%emt 0:00:30]} Nfd7 {[%emt 0:01:48]} 7. g4 {[%emt 0:06:33]} Nc6 {[%emt 0:08:00]} 8. Be3 {[%emt 0:02:47]} e5 {[%emt 0:04:47]} 9. d5 {[%emt 0:00:07]} Ne7 {[%emt 0:01:19]} 10. Be2 {[%emt 0:13:17]} Kh8 {[%emt 0:01:46]} 11. Qc2 $16 {[%emt 0:01:59]} f5 {[%emt 0:07:33]} 12. gxf5 {[%emt 0:01:37]} gxf5 {[%emt 0:00:59]} 13. Bg5 f4 14. O-O-O {[%emt 0:03:22]} Nf6 {[%emt 0:17:25]} 15. Rdg1 {[%emt 0:02:16]} Bd7 16. Rg2 {[%emt 0:03:56]} Qe8 {[%emt 0:02:29]} 17. Qd1 {[%emt 0:12:25]} a6 {[%emt 0:01:43]} 18. h4 h6 {[%emt 0:03:23]} 19. h5 {[%emt 0:01:42]} b5 {[%emt 0:05:10]} 20. a3 {[%emt 0:07:31]} Rb8 {[%emt 0:06:27]} 21. Bh4 {[%emt 0:03:18]} Rg8 {[%emt 0:07:40]} 22. Qg1 {[%emt 0:08:14]} Qf7 {[%emt 0:02:33]} 23. Rg6 {[%emt 0:00:26]} Nxg6 {[%emt 0:05:47]} 24. hxg6 {[%emt 0:00:07]} Qf8 {[%emt 0:01:12]} 25. Ng5 {[%emt 0:01:09]} Be8 {[%emt 0:00:55]} 26. Ne6 {[%emt 0:00:55]} Qe7 {[%emt 0:00:08]} 27. Nxc7 {[%emt 0:06:12]} bxc4 {[%emt 0:03:14]} 28. Ne6 {[%emt 0:02:24]} Rxb2 {[%emt 0:03:16]} 29. Bxf6 {[%emt 0:02:22]} Qxf6 {[%emt 0:00:37]} 30. Kxb2 {[%emt 0:00:13]} Bxg6 {[%emt 0:00:03]} 31. Bxc4 {[%emt 0:01:00]} Rb8+ {[%emt 0:01:09]} 32. Ka2 {[%emt 0:00:40]} Qf7 {[%emt 0:02:52]} 33. Rh2 f3 34. Qc1 {[%emt 0:04:47]} h5 {[%emt 0:01:38]} 35. Rh1 {[%emt 0:00:59]} Qa7 {[%emt 0:01:29]} 36. Qd2 {[%emt 0:01:06]} Kh7 {[%emt 0:00:35]} 37. Ng5+ {[%emt 0:03:24]} Kg8 {[%emt 0:00:10]} 38. Ne6 {[%emt 0:02:52]} Kh7 {[%emt 0:00:07]} 39. Nxg7 {[%emt 0:00:03]} Kxg7 {[%emt 0:00:08]} 40. Rg1 {[%emt 0:00:20]} Kh7 {[%emt 0:01:53]} 41. Qe3 {[%emt 0:02:02]} Qc7 {[%emt 0:00:57]} 42. Bb3 {[%emt 0:02:20]} Rf8 {[%emt 0:00:58]} 43. Qg5 {[%emt 0:01:18]} Rg8 {[%emt 0:00:46]} 44. Kb2 {[%emt 0:00:11]} Qb6 {[%emt 0:00:42]} 45. Qe3 {[%emt 0:00:17]} Qxe3 {[%emt 0:03:58]} 46. fxe3 {[%emt 0:00:03]} Rf8 {[%emt 0:00:29]} 47. Nd1 {[%emt 0:01:38]} f2 {[%emt 0:02:33]} 48. Rf1 {[%emt 0:00:11]} Kh6 {[%emt 0:00:20]} 49. Rxf2 {[%emt 0:02:09]} Rxf2+ {[%emt 0:00:02]} 50. Nxf2 {[%emt 0:00:07]} Kg5 {[%emt 0:00:14]} 51. Kc3 {[%emt 0:02:07]} Kh4 {[%emt 0:00:07]} 52. Kd2 {[%emt 0:01:09]} Kg3 {[%emt 0:00:08]} 53. Ke1 {[%emt 0:00:04]} Kg2 {[%emt 0:01:52]} 54. Bc4 {[%emt 0:00:27]} a5 {[%emt 0:00:01]} 55. Be2 {[%emt 0:00:07]} h4 {[%emt 0:00:27]} 56. Bg4 {[%emt 0:00:14]} Be8 {[%emt 0:00:28]} 57. Bf5 {[%emt 0:00:15]} Bb5 {[%emt 0:00:07]} 58. Bg4 {[%emt 0:00:41]} Be8 {[%emt 0:00:06]} 59. Nh3 {[%emt 0:03:06]} Bb5 {[%emt 0:00:30]} 60. Bf5 {[%emt 0:00:30]} Be8 {[%emt 0:00:30]} 61. Ng5 {[%emt 0:00:30]} Kg3 {[%emt 0:00:30]} 62. Kd2 {[%emt 0:00:30]} Kf2 {[%emt 0:00:30]} 63. Kc3 Kxe3 {[%emt 0:00:00]} 64. Kc4 {[%emt 0:00:00]} Kf4 {[%emt 0:00:41]} 65. Nh7 {[%emt 0:00:52]} Kg3 {[%emt 0:00:18]} 66. Ng5 {[%emt 0:01:24]} Kg2 67. Be6 {[%emt 0:00:29]} Kg3 {[%emt 0:02:15]} 68. Kd3 {[%emt 0:01:28]} Kf4 {[%emt 0:01:42]} 69. Nh3+ {[%emt 0:00:10]} Kf3 {[%emt 0:00:11]} 70. Bf5 {[%emt 0:00:27]} Bb5+ {[%emt 0:00:25]} 71. Kd2 {[%emt 0:00:10]} Kg3 {[%emt 0:00:24]} 72. Ke1 {[%emt 0:00:29]} Kg2 {[%emt 0:00:27]} 73. Ng5 {[%emt 0:00:04]} Be8 {[%emt 0:00:16]} 74. Ke2 {[%emt 0:00:39]} Bb5+ {[%emt 0:00:17]} 75. Ke3 {[%emt 0:00:04]} Be8 {[%emt 0:00:08]} 76. Nf3 h3 {[%emt 0:01:57]} 77. Bxh3+ {[%emt 0:02:24]} Kxh3 {[%emt 0:00:05]} 78. Nd2 {[%emt 0:00:03]} Bb5 {[%emt 0:00:15]} 79. Nb3 {[%emt 0:00:06]} a4 {[%emt 0:00:12]} 80. Na5 {[%emt 0:00:02]} Ba6 {[%emt 0:00:10]} 81. Nc6 {[%emt 0:00:06]} Kg4 {[%emt 0:00:57]} 82. Nd8 {[%emt 0:00:09]} Kg5 {[%emt 0:00:15]} 83. Nf7+ {[%emt 0:00:07]} Kf6 {[%emt 0:00:02]} 84. Nxd6 {[%emt 0:00:05]} Ke7 {[%emt 0:00:13]} 85. Nf5+ {[%emt 0:00:05]} Kf6 {[%emt 0:00:24]} 86. Kd2 {[%emt 0:00:18]} Bb5 {[%emt 0:01:53]} 87. Kc3 {[%emt 0:00:18]} Bd7 {[%emt 0:00:20]} 88. Nd6 {[%emt 0:00:06]} Ke7 {[%emt 0:00:11]} 89. Nc4 {[%emt 0:00:10]} Kf6 {[%emt 0:00:01]} 90. Kb4 {[%emt 0:00:15]} Be8 {[%emt 0:01:10]} 91. Nb6 {[%emt 0:00:06]} Bg6 {[%emt 0:00:00]} 92. Nd7+ {[%emt 0:01:32]} Ke7 {[%emt 0:00:06]} 93. Nxe5 {[%emt 0:00:37]} Bxe4 {[%emt 0:00:30]} 94. Kc5 {[%emt 0:00:30]} Bg2 {[%emt 0:00:30]} 95. Nc4 {[%emt 0:00:30]} Bf3 {[%emt 0:00:11]} 96. Nb6 {[%emt 0:01:18]} Bd1 {[%emt 0:00:30]} 97. Kc6 {[%emt 0:00:30]} Kd8 {[%emt 0:00:30]} 98. Nc4 {[%emt 0:02:46]} Ke7 {[%emt 0:00:00]} 99. Nd6 {[%emt 0:00:00]} Kf6 {[%emt 0:03:28]} 0-1

[Event "HUN-chT Youth-Children 2018"]
[Site "Zalakaros"]
[Date "2018.07.29"]
[Round "7"]
[White "Pasztor, Balazs"]
[Black "Czupor, Attila"]
[Result "1/2-1/2"]
[WhiteElo "2072"]
[BlackElo "2239"]
[Annotator "NA"]
[PlyCount "54"]
[EventDate "2018.07.26"]
[EventType "team-tourn"]
[EventCountry "HUN"]
[SourceTitle "playchess.com"]
[Source "ChessBase"]
[SourceQuality "1"]
[TimeControl "5400+30"]

1. e4 {[%emt 0:00:00]} c5 {[%emt 0:00:20]} 2. Nf3 {[%emt 0:00:00]} d6 {[%emt 0:00:15]} 3. d4 {[%emt 0:00:28]} cxd4 {[%emt 0:00:09]} 4. Nxd4 {[%emt 0:00:08]} Nf6 {[%emt 0:00:14]} 5. Nc3 {[%emt 0:00:29]} g6 {[%emt 0:00:46]} 6. Be3 {[%emt 0:00:50]} Bg7 {[%emt 0:00:18]} 7. f3 {[%emt 0:01:06]} h5 {[%emt 0:02:26]} 8. Qd2 {[%emt 0:05:26]} a6 {[%emt 0:01:09]} 9. Bc4 {[%emt 0:06:27]} Nbd7 {[%emt 0:01:47]} 10. a4 {[%emt 0:11:11]} b6 {[%emt 0:01:02]} 11. O-O {[%emt 0:02:50]} Bb7 {[%emt 0:00:16]} 12. Rad1 {[%emt 0:05:57]} Qc7 {[%emt 0:00:57]} 13. Ba2 {[%emt 0:03:59]} Rc8 $14 {[%emt 0:02:32]} 14. Qf2 {[%emt 0:04:31]} Ne5 {[%emt 0:04:56]} 15. Nde2 {[%emt 0:03:45]} Nfd7 {[%emt 0:06:28]} 16. Nf4 {[%emt 0:02:48]} Nc4 {[%emt 0:16:39]} 17. Nfd5 {[%emt 0:02:02]} Bxd5 {[%emt 0:01:09]} 18. Nxd5 {[%emt 0:01:15]} Qc6 {[%emt 0:00:56]} 19. Qh4 {[%emt 0:05:29]} Bf6 {[%emt 0:12:10]} 20. Nxf6+ {[%emt 0:00:57]} Nxf6 {[%emt 0:00:12]} 21. Bd4 {[%emt 0:05:50]} Qxa4 {[%emt 0:06:21]} 22. Bxf6 {[%emt 0:04:27]} exf6 {[%emt 0:00:17]} 23. Qxf6 {[%emt 0:01:21]} O-O {[%emt 0:01:36]} 24. Bb3 {[%emt 0:03:51]} Qb4 {[%emt 0:04:04]} 25. Rd4 {[%emt 0:06:09]} b5 {[%emt 0:01:02]} 26. Rfd1 {[%emt 0:02:14]} a5 {[%emt 0:03:44]} 27. h3 {[%emt 0:03:23]} a4 {[%emt 0:03:03]} 1/2-1/2

[Event "HUN-chT Youth-Children 2018"]
[Site "Zalakaros"]
[Date "2018.07.29"]
[Round "7"]
[White "Pasti, Aron"]
[Black "Herczeg, Marcell"]
[Result "1-0"]
[WhiteElo "2069"]
[BlackElo "1490"]
[Annotator "NA"]
[PlyCount "91"]
[EventDate "2018.07.26"]
[EventType "team-tourn"]
[EventCountry "HUN"]
[SourceTitle "playchess.com"]
[Source "ChessBase"]
[SourceQuality "1"]
[TimeControl "5400+30"]

1. e4 {[%emt 0:00:00]} e5 {[%emt 0:01:29]} 2. Nf3 {[%emt 0:00:00]} Nc6 {[%emt 0:00:55]} 3. Bb5 {[%emt 0:00:00]} a6 {[%emt 0:00:35]} 4. Ba4 {[%emt 0:00:00]} Nf6 {[%emt 0:00:42]} 5. O-O {[%emt 0:00:00]} b5 {[%emt 0:00:29]} 6. Bb3 {[%emt 0:00:00]} Be7 {[%emt 0:00:04]} 7. Re1 {[%emt 0:01:52]} d6 {[%emt 0:00:30]} 8. c3 {[%emt 0:00:03]} O-O {[%emt 0:01:35]} 9. h3 {[%emt 0:00:07]} Na5 {[%emt 0:00:10]} 10. Bc2 {[%emt 0:00:05]} c5 {[%emt 0:00:09]} 11. d4 {[%emt 0:00:01]} Qc7 {[%emt 0:00:31]} 12. Nbd2 {[%emt 0:00:07]} cxd4 {[%emt 0:01:32]} 13. cxd4 {[%emt 0:00:16]} Nc6 {[%emt 0:00:26]} 14. a3 {[%emt 0:00:06]} Rd8 {[%emt 0:12:49] C99: Spanische Partie (Tschigorin-System)} (14... exd4 15. Nb3 Bb7 16. Nbxd4 Nxd4 17. Nxd4 Rfe8 18. Bf4 Bf8 19. f3 Nh5 20. Bh2 g6 21. Bb3 Bg7 22. Kh1 {½-½ (33) Gashimov,V (2734)-Akopian,V (2694) Astrakhan 2010 CBM 137 [Marin,M]}) 15. d5 {[%emt 0:01:14]} Na5 {[%emt 0:01:37]} 16. Nf1 $146 {[%emt 0:02:43]} ({Vorgänger:} 16. Re3 Nb7 17. Rc3 Qb8 18. b4 Bd7 19. Nf1 a5 20. Be3 Nh5 21. Rc1 Bf6 22. N1h2 Nf4 23. Ng4 Be7 24. Bxf4 exf4 25. Qd3 g6 26. Nd4 {1-0 (26) Ottesen,S (2380)-De la Calle,I (2302) ICCF email 2006}) 16... Bd7 {[%emt 0:01:26]} 17. g4 {[%emt 0:05:26]} Rac8 {[%emt 0:02:43]} 18. Bd3 {[%emt 0:00:32]} Nb7 {[%emt 0:01:16] [#]} (18... h5 $11 {remains equal.}) 19. b4 $16 {[%emt 0:01:01]} a5 {[%emt 0:05:22]} 20. Qe2 {[%emt 0:01:55]} Ra8 {[%emt 0:01:09]} 21. Bd2 {[%emt 0:05:06]} Qb6 {[%emt 0:01:16]} 22. Be3 {[%emt 0:01:48]} Qa6 {[%emt 0:02:10]} 23. Qb2 {[%emt 0:01:07]} a4 {[%emt 0:00:16]} 24. Ng3 {[%emt 0:00:26]} Rdc8 {[%emt 0:01:08]} 25. Nf5 {[%emt 0:00:52]} Bxf5 {[%emt 0:00:35]} 26. gxf5 {[%emt 0:00:16]} Rab8 {[%emt 0:01:39]} 27. Rac1 {[%emt 0:02:15]} Nd8 {[%emt 0:00:29]} 28. Qe2 {[%emt 0:00:10]} Rxc1 {[%emt 0:00:29]} 29. Rxc1 {[%emt 0:00:08]} Qb7 {[%emt 0:00:06]} 30. Kh2 {[%emt 0:01:22]} Bf8 {[%emt 0:00:21]} 31. Bg5 {[%emt 0:02:02]} Kh8 {[%emt 0:00:19]} 32. Rg1 {[%emt 0:04:54]} Be7 {[%emt 0:03:32]} 33. Rc1 {[%emt 0:01:42]} h6 {[%emt 0:01:30]} 34. Be3 {[%emt 0:00:13]} Ne8 {[%emt 0:02:47]} 35. Nd2 {[%emt 0:00:58]} Bf6 {[%emt 0:01:54]} 36. Nb1 {[%emt 0:00:38]} Kh7 {[%emt 0:03:00]} 37. Nc3 {[%emt 0:00:07]} Nc7 {[%emt 0:00:18]} 38. Rg1 {[%emt 0:01:16]} Be7 {[%emt 0:01:06]} 39. Qg4 {[%emt 0:00:31]} Bf6 {[%emt 0:00:34]} 40. Be2 {[%emt 0:01:36]} Qc8 {[%emt 0:02:19]} 41. Bxh6 {[%emt 0:00:31]} Ne8 {[%emt 0:00:29]} 42. Bd2 {[%emt 0:01:18]} Qd7 {[%emt 0:00:52]} 43. Bg5 {[%emt 0:01:46]} Qe7 {[%emt 0:01:16]} 44. Bxf6 {[%emt 0:00:21]} Qxf6 {[%emt 0:00:07]} 45. Bxb5 {[%emt 0:00:54]} Kg8 {[%emt 0:00:25]} 46. Bxe8 {[%emt 0:00:11]} 1-0

[Event "HUN-chT Youth-Children 2018"]
[Site "Zalakaros"]
[Date "2018.07.29"]
[Round "7"]
[White "Tancsa, Tamas"]
[Black "Egyed, Judit"]
[Result "1-0"]
[WhiteElo "2023"]
[BlackElo "2171"]
[Annotator "NA"]
[PlyCount "81"]
[EventDate "2018.07.26"]
[EventType "team-tourn"]
[EventCountry "HUN"]
[SourceTitle "playchess.com"]
[Source "ChessBase"]
[SourceQuality "1"]
[TimeControl "5400+30"]

1. e4 {[%emt 0:00:00]} c5 {[%emt 0:00:03]} 2. Nf3 {[%emt 0:00:35]} d6 {[%emt 0:00:04]} 3. d4 {[%emt 0:00:42]} cxd4 {[%emt 0:00:00]} 4. Nxd4 {[%emt 0:00:57]} Nf6 {[%emt 0:00:11]} 5. Nc3 {[%emt 0:00:56]} a6 {[%emt 0:00:04]} 6. f3 {[%emt 0:01:10]} e5 {[%emt 0:00:14]} 7. Nb3 {[%emt 0:00:58]} Be6 {[%emt 0:00:05]} 8. Be3 {[%emt 0:01:27]} h5 {[%emt 0:00:08]} 9. Nd5 {[%emt 0:01:34]} Nbd7 {[%emt 0:12:39]} 10. c4 {[%emt 0:03:26]} Bxd5 {[%emt 0:04:59]} 11. cxd5 {[%emt 0:00:22]} Rc8 {[%emt 0:00:11]} 12. Qd2 {[%emt 0:02:09]} Be7 {[%emt 0:09:04]} 13. Bd3 $16 {[%emt 0:01:17]} Nc5 {[%emt 0:02:30]} 14. Nxc5 {[%emt 0:01:20]} dxc5 {[%emt 0:00:02]} 15. Rc1 {[%emt 0:01:08]} b5 {[%emt 0:00:38]} 16. b3 {[%emt 0:00:35]} Nd7 {[%emt 0:10:00]} 17. O-O {[%emt 0:01:09]} Bd6 {[%emt 0:14:54]} 18. a4 {[%emt 0:04:39]} Rb8 {[%emt 0:00:30]} 19. axb5 {[%emt 0:00:29]} axb5 {[%emt 0:00:06]} 20. Ra1 {[%emt 0:00:33]} O-O {[%emt 0:04:24]} 21. Rfc1 {[%emt 0:01:22]} b4 {[%emt 0:08:42]} 22. Ra6 {[%emt 0:01:31]} Rb6 {[%emt 0:01:35]} 23. Rca1 {[%emt 0:00:12]} Rxa6 {[%emt 0:03:37]} 24. Rxa6 Nb8 {[%emt 0:00:28]} 25. Ra1 {[%emt 0:01:10]} Qb6 {[%emt 0:01:36]} 26. Qf2 {[%emt 0:01:42]} Rc8 {[%emt 0:04:47]} 27. Qh4 {[%emt 0:01:09]} g6 {[%emt 0:01:10]} 28. Bc4 {[%emt 0:00:05]} Qd8 {[%emt 0:05:40]} 29. Bg5 {[%emt 0:00:50]} Qd7 {[%emt 0:01:02]} 30. g4 {[%emt 0:00:14]} Rc7 {[%emt 0:05:51]} 31. gxh5 {[%emt 0:00:24]} Ra7 {[%emt 0:01:19]} 32. Rf1 {[%emt 0:00:34]} Qe8 {[%emt 0:06:18]} 33. Kh1 {[%emt 0:08:51]} Nd7 {[%emt 0:01:26]} 34. Bb5 {[%emt 0:02:33]} Qb8 {[%emt 0:01:41]} 35. Bxd7 {[%emt 0:00:45]} Rxd7 {[%emt 0:00:03]} 36. Bf6 {[%emt 0:00:09]} Qf8 {[%emt 0:01:44]} 37. Qg4 {[%emt 0:00:23]} Be7 {[%emt 0:00:36]} 38. Bxe5 {[%emt 0:00:14]} f6 {[%emt 0:00:28]} 39. Qxd7 {[%emt 0:00:16]} fxe5 {[%emt 0:00:04]} 40. Qe6+ {[%emt 0:00:08]} Kh8 {[%emt 0:00:28]} 41. hxg6 {[%emt 0:00:17]} 1-0

[Event "HUN-chT Youth-Children 2018"]
[Site "Zalakaros"]
[Date "2018.07.29"]
[Round "7"]
[White "Kovacs, Bence"]
[Black "Gombocz, Zsofia"]
[Result "1/2-1/2"]
[WhiteElo "1994"]
[BlackElo "1996"]
[Annotator "NA"]
[PlyCount "83"]
[EventDate "2018.07.26"]
[EventType "team-tourn"]
[EventCountry "HUN"]
[SourceTitle "playchess.com"]
[Source "ChessBase"]
[SourceQuality "1"]
[TimeControl "5400+30"]

1. e4 {[%emt 0:00:00]} e5 {[%emt 0:00:07]} 2. Nf3 {[%emt 0:00:00]} Nc6 {[%emt 0:00:13]} 3. Bb5 {[%emt 0:00:00]} a6 {[%emt 0:00:10]} 4. Ba4 {[%emt 0:00:00]} Nf6 {[%emt 0:00:18]} 5. O-O {[%emt 0:00:00]} Be7 {[%emt 0:00:36]} 6. Re1 {[%emt 0:00:06]} O-O {[%emt 0:00:25] [#]} 7. Bxc6 $1 {[%emt 0:27:06] LiveBook: 11 Games} dxc6 {[%emt 0:04:08]} 8. Nxe5 {[%emt 0:00:26]} Re8 {[%emt 0:01:31]} 9. Nf3 {[%emt 0:04:08]} Bg4 {[%emt 0:04:26]} 10. h3 {[%emt 0:02:06]} Bh5 {[%emt 0:02:03]} 11. d3 $16 {[%emt 0:04:35]} c5 {[%emt 0:11:49]} 12. g4 {[%emt 0:05:51]} Bg6 {[%emt 0:02:16]} 13. Ne5 {[%emt 0:00:28]} Nd7 {[%emt 0:10:38]} 14. Nxg6 {[%emt 0:01:38]} hxg6 {[%emt 0:00:45]} 15. f4 {[%emt 0:03:12]} Bh4 {[%emt 0:04:23]} 16. Rf1 {[%emt 0:02:00]} g5 {[%emt 0:07:38]} 17. Qf3 {[%emt 0:15:28]} Rf8 {[%emt 0:15:32]} 18. f5 {[%emt 0:04:26]} Ne5 {[%emt 0:05:26]} 19. Qe3 {[%emt 0:00:58]} Qd6 {[%emt 0:00:42]} 20. Nd2 {[%emt 0:10:23]} Nc6 {[%emt 0:05:33]} 21. Nc4 {[%emt 0:00:25]} Qe7 {[%emt 0:00:34]} 22. b3 {[%emt 0:04:25]} b5 23. Na3 {[%emt 0:00:39]} c4 {[%emt 0:13:54]} 24. f6 {[%emt 0:12:04]} Qe5 {[%emt 0:03:12]} 25. fxg7 {[%emt 0:00:07]} Kxg7 {[%emt 0:00:57]} 26. d4 {[%emt 0:01:15]} Nxd4 {[%emt 0:01:11]} 27. Bb2 {[%emt 0:00:32]} Ne2+ {[%emt 0:00:33]} 28. Qxe2 {[%emt 0:00:38]} Qxb2 {[%emt 0:00:10]} 29. Qf3 {[%emt 0:00:38]} f6 {[%emt 0:03:21]} 30. b4 {[%emt 0:00:32]} Qxb4 {[%emt 0:00:53]} 31. Rad1 {[%emt 0:00:25]} Qe7 {[%emt 0:00:27]} 32. Nb1 {[%emt 0:00:36]} Rad8 {[%emt 0:00:42]} 33. Nc3 {[%emt 0:00:14]} c6 {[%emt 0:00:18]} 34. Ne2 {[%emt 0:00:17]} Qe5 {[%emt 0:00:18]} 35. Qe3 {[%emt 0:00:34]} c5 {[%emt 0:00:45]} 36. Kg2 {[%emt 0:00:17]} Rfe8 {[%emt 0:00:13]} 37. Rxd8 {[%emt 0:00:37]} Rxd8 {[%emt 0:00:06]} 38. Rf5 {[%emt 0:00:13]} Qd6 {[%emt 0:00:50]} 39. Rd5 {[%emt 0:00:50]} Qe7 {[%emt 0:00:40]} 40. Rxd8 {[%emt 0:00:12]} Qxd8 {[%emt 0:00:06]} 41. Qxc5 {[%emt 0:00:06]} Qd2 {[%emt 0:01:04]} 42. Qe7+ {[%emt 0:00:14]} 1/2-1/2